The routledge encyclopedia of research methods in applied linguistics: quantitative, qualitative, and mixed-methods research

Shranjeno v:
Bibliografske podrobnosti
Glavni avtor: Riazi, A Mehdi (Author)
Format: Knjiga
Jezik:angleščina
Izdano: Nueva York Routledge 2016
Izdaja:1a. ed
Teme:
Oznake: Označite
Brez oznak, prvi označite!

MARC

LEADER 00000cam a2200000 a 4500
001 UCC0352
003 CL-VaPUC
008 170804e20160000us |||||||||||||||||eng|d
020 |a 9780415816274 
082 0 4 |a 418  |b RIA  |2 21 
100 0 |a Riazi, A Mehdi  |e author  |9 594282 
245 1 4 |a The routledge encyclopedia of research methods in applied linguistics: quantitative, qualitative, and mixed-methods research 
250 |a 1a. ed 
300 |a 384 p 
942 |c BK 
945 |d 20170804 10:39:00  |a arojas 
260 |a Nueva York  |b Routledge  |c 2016 
650 0 |a Métodos de investigación   |9 262618 
650 0 |a Lingüística aplicada   |9 313266 
650 0 |a Lenguaje y lenguas  |9 265846 
583 |a last modification  |c 20170804 10:39:00  |k Rodrigo Vera 
999 |c 369208  |d 369206